00663 2200265 4500001002100000005001500021007000300036008004100039035002000080082001000100084001600110100002100126245002700147260004200174300003000216650001000246700001400256700001400270700001600284700001600300700002100316700001500337700002500352990002000377INLIS00000000000211520240308072424ta240308 f 0 ind  a0010-0324000032 a631.4 a631.4 HAK d0 aHakim, Nurhajati1 aDasar-Dasar Ilmu Tanah aLampung :bUniversitas Lampung,c1986 axxxv + 488 hlm. ;c25 cm. 4aTanah0 aA.M Lubis0 aAmin Diha0 aGo Ban Hong0 aH.H. Bailey0 aM. Yusuf Nyakara0 aRusdi Saul0 aSutopo Ghani Nugroho a20231204.01.001